banner-ar

المغنى فى أبواب التوحيد والعدل: (Record no. 37280)

MARC details
000 -الفاتح
حقل البيانات ثابتة الطول 01017nam a2200241Ia 4500
005 - وقت وتاريخ اخر تعامل مع التسجيلة
رقم الضبط 20240530103150.0
008 - عناصر البيانات ثابتة الطول - معلومات عامة
حقل البيانات ثابتة الطول 140319s9999 xx 000 0 ara d
040 ## - مصدر الفهرسة
وكالة الفهرسة الأصلية GCL /
وكالة النسخ GCL
082 04 - رقم تصنيف ديوى العشرى
رقم التصنيف 240/
رقم المادة هـ م
100 1# - المدخل الرئيسى - إسم شخصى
الإسم الشخصى الهمذانى، ابو الحسن عبدالجبار بن احمد بن عبدالجبار بن احمد الاسد ابادى
245 10 - بيان العنوان
العنوان المغنى فى أبواب التوحيد والعدل:
بقية العنوان اللطف /
بيان المسئوليه,etc القاضى ابى الحسن عبدالجبار ؛ اشراف طه حسين ؛ مراجعة ابراهيم مدكور ؛ حققة ابو العلا عفيفى
260 ## - PUBLICATION, DISTRIBUTION, ETC. (IMPRINT)
تاريخ النشر أو التوزيع 1962
300 ## - الوصف المادى
التعداد 580 ص
650 04 - المدخل الاضافى بالموضوع-مصطلح موضوعى
مصطلح موضوعي التوحيد
650 04 - المدخل الاضافى بالموضوع-مصطلح موضوعى
مصطلح موضوعي العدل
650 04 - المدخل الاضافى بالموضوع-مصطلح موضوعى
مصطلح موضوعي علم الكلام
650 04 - المدخل الاضافى بالموضوع-مصطلح موضوعى
مصطلح موضوعي اللطف
700 0# - المدخل الاضافى - اسم شخصى
الإسم الشخصى ابراهيم مدكور
الدور مراجع
700 0# - المدخل الاضافى - اسم شخصى
الإسم الشخصى طه حسين
الدور مشرف
700 0# - المدخل الاضافى - اسم شخصى
الإسم الشخصى ابوالعلا عفيفى
الدور محقق
942 ## - عناصر المدخل الإضافي( كوها)
مصدر التصنيف او مخطط الترفيف Dewey Decimal Classification
Koha [default] item type كتاب
260 ## - PUBLICATION, DISTRIBUTION, ETC. (IMPRINT)
-- [S.N] :
-- وزارة الثقافة والارشاد القومى ،
Holdings
حالة التراجع حالة الفقد حالة تلف ليس للاعارة المكان المؤقت الموقع الحالى تاريخ الاكتساب اجمالي اﻻعارات رقم الطلب الباركود تاريخ اخر مشاهدة تاريخ تفعيل السعر نوع وعاء كوها
        مكتبة القاهرة الكبرى مكتبة القاهرة الكبرى 03/26/2014   240/هـ م 90846 03/26/2014 03/26/2014 كتاب
        مكتبة القاهرة الكبرى مكتبة القاهرة الكبرى 03/26/2014   240/هـ م 90847 03/26/2014 03/26/2014 كتاب

Powered By

EGPV